He gave gifts unto men : (Record no. 4995)

MARC details
000 -LEADER
fixed length control field 00899cam a2200277 a 4500
001 - CONTROL NUMBER
control field 3472730
003 - CONTROL NUMBER IDENTIFIER
control field OSt
005 - DATE AND TIME OF LATEST TRANSACTION
control field 20181219124247.0
008 - FIXED-LENGTH DATA ELEMENTS--GENERAL INFORMATION
fixed length control field 930105s1992 oku 000 0 eng
010 ## - LIBRARY OF CONGRESS CONTROL NUMBER
LC control number 93100576
020 ## - INTERNATIONAL STANDARD BOOK NUMBER
International Standard Book Number 0892765178
040 ## - CATALOGING SOURCE
Original cataloging agency DLC
Transcribing agency DLC
Modifying agency DLC
050 00 - LIBRARY OF CONGRESS CALL NUMBER
Classification number BV601.2
Item number .H34 1992
082 00 - DEWEY DECIMAL CLASSIFICATION NUMBER
Classification number 262.1
Edition number 20
Item number H145H
100 1# - MAIN ENTRY--PERSONAL NAME
Personal name Hagin, Kenneth E.,
Dates associated with a name 1917-
245 10 - TITLE STATEMENT
Title He gave gifts unto men :
Remainder of title a biblical perspective of apostles, prophets, and pastors /
Statement of responsibility, etc. Kenneth E. Hagin.
260 ## - PUBLICATION, DISTRIBUTION, ETC.
Place of publication, distribution, etc. Tulsa, OK :
Name of publisher, distributor, etc. Faith Library Publications,
Date of publication, distribution, etc. c1992.
300 ## - PHYSICAL DESCRIPTION
Extent 276 p. ;
Dimensions 22 cm.
650 #0 - SUBJECT ADDED ENTRY--TOPICAL TERM
Topical term or geographic name entry element Apostolate (Christian theology)
650 #0 - SUBJECT ADDED ENTRY--TOPICAL TERM
Topical term or geographic name entry element Prophecy
General subdivision Christianity.
650 #0 - SUBJECT ADDED ENTRY--TOPICAL TERM
Topical term or geographic name entry element Clergy
General subdivision Office.
650 #0 - SUBJECT ADDED ENTRY--TOPICAL TERM
Topical term or geographic name entry element Church polity.
906 ## - LOCAL DATA ELEMENT F, LDF (RLIN)
a 7
b cbc
c orignew
d 3
e ncip
f 19
g y-gencatlg
942 ## - ADDED ENTRY ELEMENTS (KOHA)
Source of classification or shelving scheme Dewey Decimal Classification
Koha item type Books
Holdings
Withdrawn status Lost status Source of classification or shelving scheme Damaged status Not for loan Collection code Home library Current library Shelving location Date acquired Cost, normal purchase price Total Checkouts Full call number Barcode Date last seen Price effective from Koha item type
    Dewey Decimal Classification     Non-fiction Harvest Mission College Harvest Mission College General Stacks 19.12.2018 560.00   262.1 H145H 005724 19.12.2018 19.12.2018 Books

OPAC Designed and Maintained by HMC Library Team.
Copyright © HMC Library,Greater Noida, UP.
For any Suggestions/Query Contact library via Email:libhmc@gmail.com